Adèle - Chansons commençants par S - Statistiques

Statistiques générales
  • Ce quiz a été pris 13 fois
  • Le résultat moyen est 4 sur 6
Statistiques - réponses
S % Correct
Someone like You
100%
Skyfall
92%
Set Fire to the Rain
67%
Send My Love
50%
Sweetest Devotion
33%
Strangers by Nature
25%
Aucun quiz correspondant
Distribution des résultats
% des personnes avec chaque résultat
Percentile par nombre de réponses
Votre historique - résultats
Vous n’avez pas pris ce quiz